| 000 | 00754nam a2200241 a 4500 | ||
|---|---|---|---|
| 001 | 4804171 | ||
| 005 | 20180221071600.0 | ||
| 008 | 881006s1990 iaua b 001 0 eng | ||
| 010 | _a 88063122 | ||
| 020 | _a0697104079 | ||
| 040 |
_aDLC _cDLC _dDLC |
||
| 041 | _aeng | ||
| 043 | _an-us--- | ||
| 080 | _a371.10023/73 JOH | ||
| 082 | 0 | 0 |
_a371.10023/73 JOH _220 |
| 100 | 1 | _a47 | |
| 101 | _aEDU | ||
| 245 | 1 | 0 |
_aAmerican education : _cJohn H. Johansen, Harold W. Collins, James A. Johnson. |
| 504 | _aIncludes bibliographical references. | ||
| 906 |
_a7 _bcbc _corignew _d3 _eopcn _f19 _gy-gencatlg |
||
| 942 |
_2ddc _cBK |
||
| 999 |
_c43045 _d43045 |
||